QUIZ PAROLES : Chop Suey ! - System of a down - Statistiques

Statistiques générales
  • Ce quiz a été pris 159 fois
    117 depuis la dernière actualisation
  • Le résultat moyen est 180 sur 238
Statistiques - réponses
Paroles % Correct
a
97%
up
96%
Wake
96%
you
94%
(You
94%
to
93%
to)
93%
I
92%
die
90%
in
90%
In
90%
when
90%
angels
89%
my
89%
deserve
88%
little
88%
make-up
88%
suicide
85%
cry
83%
trust
83%
Trust
83%
Father
79%
Grab
79%
your
78%
put
76%
table ?
76%
the
76%
me ?
75%
Why
75%
and
74%
self-righteous
72%
don't
69%
spirit
69%
into
68%
brush
67%
hands
67%
wanted
67%
eyes
65%
forsaken
65%
think
65%
have
61%
keys
60%
shake-up
57%
upon
54%
heart
53%
leave
50%
Hide
46%
thoughts
46%
away
44%
another
43%
commend
43%
fable
43%
go
43%
scars
42%
Why'd
40%
fade
39%
Here
39%
create
38%
Aucun quiz correspondant
Distribution des résultats
% des personnes avec chaque résultat
Percentile par nombre de réponses
Votre historique - résultats
Vous n’avez pas pris ce quiz depuis la dernière actualisation